000 01108nam a2200325 i 4500
001 66806
003 ES-MaACL
005 20240605063003.0
007 t|
008 030725s2003 sp a ||||0| spa d
020 _a8497400356
080 _a655.4(460)"19"
080 _a351.751.5(460)"1931/39"
100 1 _aSantonja, Gonzalo,
_d1952-
_9103451
245 1 4 _aLos signos de la noche :
_bde la guerra al exilio : historia peregrina del libro republicano entre España y México /
_cGonzalo Santonja.
260 _aMadrid :
_bCastalia,
_c[2003]
300 _a228 p. :
_bil. ;
_c24 cm.
490 1 _aLiteratura y sociedad ;
_v76
500 _aApéndice documental.
500 _aÍndice.
504 _aBibliografía: p. 191-200.
650 4 _aEdición-
_zEspaña-
_yS.XX.
_912053
650 4 _aCensura-
_zEspaña-
_y1931-1939.
_910878
651 4 _aEspaña-
_xRelaciones-
_zMéxico.
_9165181
651 4 _aMéxico-
_xRelaciones-
_zEspaña.
_9172959
830 1 _aLiteratura y sociedad (Madrid) ;
_v76
_9179352
852 4 _aES-MaACL
_jL-27290
942 _2udc
999 _c66806
_d66806